000 00460nam a2200169Ia 4500
005 20250326130631.0
008 250326s9999 xx 000 0 und d
037 _aTextbook
040 _aFMSL
_beng
_cFMSL
041 _aeng
_2eng
084 _aX9w(Z) Q1
_qFMSL
100 _aS Taxmann
_9740886
245 0 _aGuide to companies bill 2011
_cS Taxmann
260 _aN
_bN, D Taxmann's
_c2011
942 _cTB
_hX9w(Z) Q1
999 _c1283402
_d1283402